[Event "Vandoeuvre op"]
[Site "Vandoeuvre"]
[Date "2004.??.??"]
[Round "1"]
[White "Soyez, Cyril"]
[Black "Rittie, Daniel"]
[Result "1-0"]
[WhiteElo "2178"]
[BlackElo "2129"]
[PlyCount "117"]
[EventDate "2004.12.26"]
[EventType "swiss"]
[EventRounds "9"]
[EventCountry "FRA"]
[SourceTitle "CBM 104 Extra"]
[Source "ChessBase"]
[SourceDate "2005.03.01"]
[SourceVersion "1"]
[SourceVersionDate "2005.03.01"]
[SourceQuality "1"]

1. c4 e5 2. g3 Nf6 3. Bg2 Nc6 4. Nc3 Bb4 5. e3 0-0 6. Nge2 Re8 7. 0-0 b6 8. d4 exd4 9. exd4 Bb7 10. Bf4 Bf8 11. b3 d6 12. Re1 h6 13. d5 Ne5 14. Nd4 Ng6 15. Qd2 Qd7 16. Nc6 Ne7 17. Nd4 a6 18. Re2 Ng6 19. Rae1 Rxe2 20. Rxe2 Re8 21. h4 Bc8 22. Nc6 Rxe2 23. Nxe2 Qf5 24. f3 Nxf4 25. Nxf4 Nh5 26. Ne2 Nf6 27. Kh2 Qd7 28. Ned4 Qe8 29. Qe2 Qxe2 30. Nxe2 g6 31. Bh3 Bxh3 32. Kxh3 Bg7 33. Nb8 a5 34. Nc3 Nd7 35. Nxd7 Bxc3 36. g4 g5 37. hxg5 hxg5 38. Kg2 Kg7 39. Kf2 Bf6 40. Ke3 Be7 41. Ke4 Kg6 42. Nb8 Bf6 43. Na6 Bd8 44. b4 axb4 45. Nxb4 Be7 46. Nc6 Bf6 47. Kd3 Ba1 48. Kc2 Kg7 49. Kb3 Kf8 50. Kb4 Ke8 51. Kb5 Kd7 52. Na7 Bf6 53. Ka6 Bd8 54. Kb7 Bf6 55. Nb5 Bd8 56. a3 f6 57. a4 Be7 58. Nxc7 Bd8 59. Ne6 1-0